載入...

Russian as we speak it

書目詳細資料
主要作者: Khavronina,S
格式: Printed Book
出版: Moscow Russian language publishers 1978
版:6th ed.
LEADER 00431nam a22001337a 4500
082 |a 491.782  |b KHA/R 
100 |a Khavronina,S. 
245 |a Russian as we speak it 
250 |a 6th ed. 
260 |a Moscow  |b Russian language publishers  |c 1978 
300 |a 252p. 
942 |c BK 
999 |c 300010  |d 300010 
952 |0 0  |1 0  |4 0  |6 491_782000000000000_KHA_R  |7 0  |8 NFIC  |9 320310  |a RUS  |b RUS  |c GEN  |d 2020-09-28  |l 0  |o 491.782 KHA/R  |p RUS11827  |r 2020-09-28  |w 2020-09-28  |y BK